000 00303nam a22001337a 4500
008 170406b xxu||||| |||| 00| 0 eng d
020 _a0721677274
041 _aeng
080 _a616.15
100 _a9
101 _aSHM
245 _aHEMATOLOGIC PROBLEMS OF THE NEONATE
_cCHRISTENSEN
942 _2udc
_cBK
999 _c9912
_d9912